000 00967nam a22002657a 4500
999 _c6801
_d6801
003 AR-CdUCM
008 190319b ||||| |||| 00| 0 spa d
040 _aMUNICIPALIDAD PROVINCIAL DEL CUSCO
_cBIBLIOTECA MUNICIPAL DEL CUSCO
082 _a838.9 /
_bN1
245 _aCuatro narradores alemanes de hoy /
_cRobert Musil; Wolfgang Borchert; Uwe Johnson; Peter Weis.
260 _aBuenos Aires :
_bTiempo contemporáneo,
_c1968.
300 _a116 páginas ;
_c18 cm.
440 _aColección números
_n : 3
_919153
500 _aDonación de la familia Nieto.
505 _aContenido: El mirlo -- El pan -- El gran sueño -- Una estación de metro.
650 _aNarrativa Alemana
_919154
650 _aSiglo XX
_98
650 _aAutores alemanes - Antología
_919155
700 _aMusil, Robert
_919156
700 _aBorchert, Wolfgang
_919157
700 _aJohnson, Uwe
_919158
700 _aWeis, Peter
_919159
942 _2ddc
_cLIBROS
945 _alccs